000 00583nam a2200193Ia 4500
008 151121s9999||||xx |||||||||||||| ||und||
082 _a811/सावंत
082 _bHNW-53176
100 _aसावंत वसंत
245 _aस्वस्तिक
260 _b"विश्वमोहिनी प्रकाशन, पुणे।"
260 _c--
300 _a80
600 _aसावंत वसंत
630 _aस्वस्तिक
700 _aसावंत वसंत
730 _aस्वस्तिक
942 _cBOOK
999 _c1236900
_d1236897